000 00548nam a2200205Ia 4500
005 20250508164654.0
008 008 250505s9999 xx 000 0 hin d
020 _a978-81-89868-04-8
037 _aTextual
040 _aFEDL
_beng
_cFEDL
041 _ahin
_2eng
084 _aB, SHA
_qFEDL
100 _aSharma Vijay
245 0 _aApni dharti apna aakash nobel ke munch se
260 _aMumbai, India
_bSanvad Prakashan
_c2008
300 _a364p.
365 _aINR
_b450
942 _cTEXL
_hB, SHA
999 _c1390466
_d1390466